Asamar loka sahitya (Record no. 9840)

MARC details
000 -LEADER
fixed length control field 00541cam a2200217ua 4500
001 - CONTROL NUMBER
control field 10894
005 - DATE AND TIME OF LATEST TRANSACTION
control field 20260515114655.0
008 - FIXED-LENGTH DATA ELEMENTS--GENERAL INFORMATION
fixed length control field 190921n ii |||gr||||Z||||||asm
020 ## - INTERNATIONAL STANDARD BOOK NUMBER
International Standard Book Number 9789381485729
040 ## - CATALOGING SOURCE
Transcribing agency MAIN
041 ## - LANGUAGE CODE
Language code of text/sound track or separate title asm
082 ## - DEWEY DECIMAL CLASSIFICATION NUMBER
Classification number 398.20954162
100 ## - MAIN ENTRY--PERSONAL NAME
Personal name Nabin Chandra Sharma,
Relator term Author.
245 ## - TITLE STATEMENT
Title Asamar loka sahitya
Statement of responsibility, etc. By Nabin Chandra Sharma
250 ## - EDITION STATEMENT
Edition statement 1st ed.
260 ## - PUBLICATION, DISTRIBUTION, ETC.
Place of publication, distribution, etc. Guwahati:
Name of publisher, distributor, etc. Jyoti prakashan,
Date of publication, distribution, etc. 2014.
300 ## - PHYSICAL DESCRIPTION
Extent 670p.
653 ## - INDEX TERM--UNCONTROLLED
Uncontrolled term Folklore
653 ## - INDEX TERM--UNCONTROLLED
Uncontrolled term Folk literature of Assam
942 ## - ADDED ENTRY ELEMENTS (KOHA)
Koha item type Books
Holdings
Withdrawn status Lost status Damaged status Not for loan Home library Current library Shelving location Date acquired Total checkouts Full call number Barcode Date last seen Copy number Price effective from Koha item type Date last checked out
        Naharkatiya College Library Naharkatiya College Library General stacks 09/19/2020   398.20954162Assamese folk literature | SHA 24073 09/19/2020 1 09/19/2020 Books  
        Naharkatiya College Library Naharkatiya College Library General stacks 09/19/2020 2 398.20954162Assamese folk literature | SHA 24074 03/06/2025 2 09/19/2020 Books 02/14/2025
        Naharkatiya College Library Naharkatiya College Library General stacks 09/19/2020   398.20954162Assamese folk literature | SHA 25528 09/19/2020 3 09/19/2020 Books  
        Naharkatiya College Library Naharkatiya College Library General stacks 09/19/2020 1 398.20954162Assamese folk literature | SHA 26703 03/01/2022 4 09/19/2020 Books 02/24/2022